000 00511nam a2200193Ia 4500
005 20260120131250.0
008 008 260114s9999 xx 000 0 eng d
020 _a9780191820496
037 _aEBOOK
040 _aCRL
_beng
_cCRL
041 _aeng
_2eng
084 _qCRL
100 _aConnell
_9924914
245 0 _aSecular Chains
260 _bOxford University PressOxford University Press
_c2016
856 _uhttps://academic.oup.com/book/8218
942 _cEBOOK
999 _c1516828
_d1516828